|
|
|
|
| LEADER |
01213nam a2200265 a 4500 |
| 001 |
2265802 |
| 008 |
091008s1978 caua b 001 0 eng d |
| 010 |
|
|
|a 78057011
|
| 020 |
|
|
|a 0803910681
|
| 040 |
|
|
|a DLC
|c DLC
|d DLC
|
| 082 |
0 |
0 |
|a 379/.15
|2 17
|
| 100 |
2 |
|
|a Fitz-Gibbon, Carol Taylor.
|
| 245 |
1 |
0 |
|a How to design a program evaluation /
|c Carol Taylor Fitz-Gibbon, Lynn Lyons Morris.
|
| 260 |
|
|
|a Beverly Hills, Calif. :
|b Sage Publications,
|c c1978.
|
| 300 |
|
|
|a 164 p. :
|b ill. ;
|c 22 cm.
|
| 490 |
0 |
|
|a Program evaluation kit ;
|v 3
|
| 500 |
|
|
|a "The [program evaluation] kit was developed ... as a project of the Center for the Study of Evaluation (CSE), University of California, Los Angeles."
|
| 504 |
|
|
|a Includes bibliographies and index.
|
| 541 |
1 |
|
|e 00004842
|
| 650 |
|
0 |
|a Educational surveys.
|
| 700 |
1 |
|
|a Morris, Lynn Lyons,
|e joint author.
|
| 710 |
2 |
|
|a University of California, Los Angeles.
|b Center for the Study of Evaluation.
|
| 852 |
4 |
|
|a Ayesha Abed Library
|j General shelf
|
| 999 |
|
|
|c 4427
|d 4427
|
| 952 |
|
|
|0 0
|1 0
|2 ddc
|4 0
|6 379_150000000000000_FIT
|7 0
|9 4139
|a BRACUL
|b BRACUL
|c GEN
|d 2009-10-11
|g 0.00
|l 0
|o 379.15 FIT
|p 3010004842
|r 2009-10-11
|t 1
|w 2009-10-11
|y BK
|x No price found in the accession register.
|